000 00817nab a2200241 u 4500
001 17314
003 HDC
007 cr bn ---aaaaa
008 210223c20110823xx dr|noo 0 a eng d
040 _aHDC
245 0 _aMalaysia: OSK-UOB Islamic Fund Management launches Global Food Islamic Equity Fund
260 _a[No place] :
_b[publisher not identified],
_c2011
336 _atext
_2rdacontent
337 _acomputer
_2rdamedia
338 _aonline resource
_2rdacarrier
650 _ahalal food industry
_9128
650 _aIslamic Fund
_99042
710 _aHalal Focus
856 _zRequest full-text at [email protected]
942 _2lcc
942 _cNEWS
942 _kNWSO 005896
999 _c14630
_d14630